Avatar - the last airbender: (Record no. 49802)
| 000 -LEADER | |
|---|---|
| fixed length control field | 00674nam a2200193 4500 |
| 020 ## - INTERNATIONAL STANDARD BOOK NUMBER | |
| International Standard Book Number | 9781616552961 |
| 100 ## - MAIN ENTRY--PERSONAL NAME | |
| Relator code | Yang, Gene Luen. |
| 245 ## - TITLE STATEMENT | |
| Title | Avatar - the last airbender: |
| Remainder of title | the rift / |
| Statement of responsibility, etc | Gene Luen Yang. |
| 260 ## - PUBLICATION, DISTRIBUTION, ETC. (IMPRINT) | |
| Place of publication, distribution, etc | Milwaukie, OR: |
| Name of publisher, distributor, etc | Dark Horse Books; |
| Date of publication, distribution, etc | 2014. |
| 300 ## - PHYSICAL DESCRIPTION | |
| Extent | 75 p. |
| Other physical details | coloured illustrations. |
| Dimensions | 23 cm. |
| 490 ## - SERIES STATEMENT | |
| Series statement | Avatar- the last airbender: the rift; Bk.2 |
| 650 ## - SUBJECT ADDED ENTRY--TOPICAL TERM | |
| Topical term or geographic name as entry element | Heroes. |
| Form subdivision | Comics. |
| 9 (RLIN) | 86933 |
| 655 ## - INDEX TERM--GENRE/FORM | |
| Genre/form data or focus term | Graphics and comics. |
| 9 (RLIN) | 84335 |
| 700 ## - ADDED ENTRY--PERSONAL NAME | |
| Personal name | Gene Luen Yang. |
| 9 (RLIN) | 86922 |
| 700 ## - ADDED ENTRY--PERSONAL NAME | |
| Relator code | Konietzko, Bryan, |
| Personal name | artist. |
| 9 (RLIN) | 86934 |
| 700 ## - ADDED ENTRY--PERSONAL NAME | |
| Personal name | DiMartino, Michael Dante. |
| Relator code | letterer. |
| 9 (RLIN) | 86925 |
| 700 ## - ADDED ENTRY--PERSONAL NAME | |
| Personal name | Gurihiru, |
| Relator code | artist. |
| 9 (RLIN) | 84547 |
| 942 ## - ADDED ENTRY ELEMENTS (KOHA) | |
| Source of classification or shelving scheme | |
| Koha item type | Books/GRAPHICS |
| Withdrawn status | Lost status | Source of classification or shelving scheme | Damaged status | Not for loan | Collection code | Home library | Current library | Shelving location | Date acquired | Total Checkouts | Full call number | Barcode | Checked out | Date last seen | Date checked out | Price effective from | Koha item type |
|---|---|---|---|---|---|---|---|---|---|---|---|---|---|---|---|---|---|
| SECONDARY | Asian Hope Secondary Library | Asian Hope Secondary Library | SECONDARY | 11/20/2025 | 1 | J GRAPHIX YAN THE RIFT BK. 2 | 208823 | 05/07/2026 | 04/30/2026 | 04/30/2026 | 11/20/2025 | Books/GRAPHICS |